000 00449nam a2200169 i 4500
001 39097
003 ES-MaACL
005 20230906155906.0
007 t|
008 030227s1904 xxk ||||1| eng d
100 1 _aCampbell, J. G. D.
_934142
245 1 0 _aSiam in the Twentieth Century /
_cby J. G. D. Campbell.
250 _a2nd imp.
260 _aLondon :
_bEdward Arnold,
_c1904.
300 _aX, 328 p. ;
_c22 cm.
852 _aES-MaACL
_jD-567
999 _c39097
_d39097